UBT Library

Effective grading : (Record no. 42051)

000 -LEADER
fixed length control field 00809cam a2200241 a 4500
001 - CONTROL NUMBER
control field 4491288
005 - DATE AND TIME OF LATEST TRANSACTION
control field 20180208031500.0
008 - FIXED-LENGTH DATA ELEMENTS--GENERAL INFORMATION
fixed length control field 971002s1998 cau b 001 0 eng
010 ## - LIBRARY OF CONGRESS CONTROL NUMBER
LC control number 97041753
020 ## - INTERNATIONAL STANDARD BOOK NUMBER
International Standard Book Number 0787940305 (pbk. : alk. paper)
040 ## - CATALOGING SOURCE
Original cataloging agency DLC
Transcribing agency DLC
Modifying agency DLC
041 ## - LANGUAGE CODE
Language code of text/sound track or separate title eng
043 ## - GEOGRAPHIC AREA CODE
Geographic area code n-us---
080 ## - UNIVERSAL DECIMAL CLASSIFICATION NUMBER
Universal Decimal Classification number 378.1/67 FAS
082 00 - DEWEY DECIMAL CLASSIFICATION NUMBER
Classification number 378.1/67 FAS
Edition number 21
100 1# - Rafti
Rafti 49
101 ## - Shkurtesa
Shkurtesa EDU
245 00 - TITLE STATEMENT
Title Effective grading :
Statement of responsibility, etc Barbara E. Walvoord, Virginia Johnson Anderson.
504 ## - BIBLIOGRAPHY, ETC. NOTE
Bibliography, etc Includes bibliographical references (p. 233-241) and index.
906 ## - LOCAL DATA ELEMENT F, LDF (RLIN)
a 7
b cbc
c orignew
d 1
e ocip
f 19
g y-gencatlg
942 ## - ADDED ENTRY ELEMENTS (KOHA)
Source of classification or shelving scheme
Item type Books
Holdings
Withdrawn status Lost status Source of classification or shelving scheme Damaged status Not for loan Collection code Permanent location Current location Shelving location Date acquired Total Checkouts Full call number Barcode Date last seen Price effective from Koha item type
          Koleksioni i përgjithshem UBT - Lipjan UBT - Lipjan Koleksioni i përgjithshem 02/08/2018   378.167 FAS 002-2999212 02/08/2018 02/08/2018 Books
UBT Library © 2015-2024. All rights reserved University Education for Business and Technology